[Event "45th Olympiad 2024"]
[Site "Budapest HUN"]
[Date "2024.09.16"]
[Round "6.20"]
[Board "1"]
[White "Mohammad Fahad, Rahman"]
[Black "Kozak, Adam"]
[Result "1/2-1/2"]
[WhiteTitle "IM"]
[BlackTitle "GM"]
[WhiteElo "2419"]
[BlackElo "2609"]
[WhiteTeam "Bangladesh"]
[BlackTeam "Hungary B"]
[WhiteFideId "10207791"]
[BlackFideId "753246"]
[EventDate "2024.09.11"]

1. e4 c5 2. Nf3 d6 3. d4 cxd4 4. Nxd4 Nf6 5. Nc3 Nc6 6. Be2 g6 7. O-O Bg7 8. Nb3
O-O 9. Be3 a6 10. a4 Be6 11. f3 d5 12. exd5 Nxd5 13. Nxd5 Bxd5 14. c3 Rc8 15.
Re1 Qd6 16. Bf1 Ne5 17. Bd4 Rfd8 18. Nd2 Bc6 19. Kh1 Bh6 20. Nc4 Nxc4 21. Bxc4
e6 22. Qe2 Bg7 23. Bf2 Qf4 24. Be3 Qh4 25. Bb6 Rd6 26. a5 Bf6 27. Red1 Rxd1+ 28.
Rxd1 Kg7 29. Bd3 Qf4 30. Re1 Bd8 31. Bd4+ Bf6 32. Bb6 Bd8 33. Bd4+ Kg8 34. Be5
Qh4 35. b4 Bf6 36. Bg3 Qg5 37. c4 Rd8 38. b5 Be8 39. Bc7 Rc8 1/2-1/2

[Event "45th Olympiad 2024"]
[Site "Budapest HUN"]
[Date "2024.09.16"]
[Round "6.20"]
[Board "2"]
[White "Banusz, Tamas"]
[Black "Manon, Reja Neer"]
[Result "1-0"]
[WhiteTitle "GM"]
[BlackTitle "FM"]
[WhiteElo "2605"]
[BlackElo "2417"]
[WhiteTeam "Hungary B"]
[BlackTeam "Bangladesh"]
[WhiteFideId "722413"]
[BlackFideId "10224009"]
[EventDate "2024.09.11"]

1. Nf3 Nf6 2. g3 b5 3. Bg2 Bb7 4. O-O e6 5. d3 Be7 6. e4 d6 7. Nd4 a6 8. Nb3 c6
9. d4 Nbd7 10. a4 c5 11. e5 Nd5 12. exd6 Bxd6 13. axb5 axb5 14. Na3 c4 15. Nxb5
Be7 16. Rxa8 Bxa8 17. Nd2 Qa5 18. Na3 c3 19. Ndc4 Qa6 20. Qd3 Bxa3 21. Nxa3 Qxd3
22. cxd3 cxb2 23. Bxb2 O-O 24. Nc4 N5b6 25. f3 Bd5 26. Ne3 Bb7 27. Ba3 Ra8 28.
Bc5 Na4 29. Rb1 Bc6 30. Rc1 Rc8 31. Bb4 Nab6 32. d5 Nxd5 33. Nxd5 exd5 34. Bh3
Bb7 35. Re1 Bc6 36. Re7 f5 37. Bxf5 Rd8 38. Be6+ 1-0

[Event "45th Olympiad 2024"]
[Site "Budapest HUN"]
[Date "2024.09.16"]
[Round "6.20"]
[Board "3"]
[White "Hossain, Enamul"]
[Black "Antal, Gergely"]
[Result "1/2-1/2"]
[WhiteTitle "GM"]
[BlackTitle "GM"]
[WhiteElo "2354"]
[BlackElo "2544"]
[WhiteTeam "Bangladesh"]
[BlackTeam "Hungary B"]
[WhiteFideId "10200649"]
[BlackFideId "717312"]
[EventDate "2024.09.11"]

1. e4 c5 2. Nf3 Nc6 3. d4 cxd4 4. Nxd4 Nf6 5. Nc3 e5 6. Ndb5 d6 7. Bg5 a6 8. Na3
b5 9. Bxf6 gxf6 10. Nd5 f5 11. c3 Bg7 12. exf5 Bxf5 13. Nc2 O-O 14. Nce3 Bd7 15.
Bd3 f5 16. Qh5 e4 17. Bc2 Kh8 18. O-O Qe8 19. Qh4 Ne5 20. Nb6 Ra7 21. Nxd7 Rxd7
22. Qh3 d5 23. f3 f4 24. Nf5 Ng6 25. Rae1 e3 26. Nxe3 Re7 27. Bxg6 Qxg6 28. Nxd5
Rxe1 29. Rxe1 Qc2 30. Qh4 Qxb2 31. h3 Bxc3 32. Re7 Bg7 33. Kh2 Qd4 34. Qg5 Bf6
35. Nxf6 Qxf6 36. Qxf6+ Rxf6 37. h4 Rc6 38. Ra7 h5 39. a3 Kg8 40. Kh3 Rd6 41.
Kh2 Rc6 42. Kh3 Rd6 1/2-1/2

[Event "45th Olympiad 2024"]
[Site "Budapest HUN"]
[Date "2024.09.16"]
[Round "6.20"]
[Board "4"]
[White "Papp, Gabor1"]
[Black "Murshed, Niaz"]
[Result "0-1"]
[WhiteTitle "GM"]
[BlackTitle "GM"]
[WhiteElo "2550"]
[BlackElo "2318"]
[WhiteTeam "Hungary B"]
[BlackTeam "Bangladesh"]
[WhiteFideId "718602"]
[BlackFideId "10200010"]
[EventDate "2024.09.11"]

1. e4 e5 2. Nf3 Nc6 3. Bc4 Bc5 4. d3 Nf6 5. Bg5 h6 6. Bh4 g5 7. Bg3 d6 8. c3 Qe7
9. Nbd2 a6 10. a4 Ba7 11. O-O Nh7 12. b4 h5 13. h4 g4 14. Ne1 Nf8 15. Nc2 Ng6
16. Ne3 Be6 17. d4 exd4 18. Nf5 Qf6 19. b5 Nce5 20. Bxe6 fxe6 21. Nxd4 a5 22.
Qb3 Kd7 23. Rad1 Raf8 24. Nc4 Nxc4 25. Qxc4 Bb6 26. Kh1 Ne5 27. Qa2 Rhg8 28.
Rfe1 Rg6 29. Re2 Kc8 30. Qb3 Re8 31. Qa2 Rgg8 32. Qb3 Rg6 33. Qa2 Kb8 34. Qb3
Rgg8 35. Qa2 Rg6 36. Qb3 Ka7 37. Qa2 Rgg8 38. Qb3 Rgf8 39. Qa2 Ng6 40. Qc4 Qe7
41. Rde1 Ne5 42. Qa2 Ng6 43. Rd1 Kb8 44. Rc1 Rf7 45. Kg1 Nxh4 46. Qxe6 Qxe6 47.
Nxe6 Ng6 48. Nd4 h4 49. Bh2 Rfe7 50. Rce1 Kc8 51. Kf1 Rf7 52. Nf5 d5 53. Nh6 g3
54. Bg1 Rff8 55. f3 h3 56. gxh3 Rxf3+ 57. Kg2 Nh4+ 58. Kh1 Rxe4 59. Rxe4 dxe4
60. Bxb6 cxb6 61. Ng4 g2+ 62. Kh2 Rf1 0-1

[Event "45th Olympiad 2024"]
[Site "Budapest HUN"]
[Date "2024.09.16"]
[Round "6.21"]
[Board "1"]
[White "Ziska, Helgi Dam"]
[Black "Fedoseev, Vladimir3"]
[Result "0-1"]
[WhiteTitle "GM"]
[BlackTitle "GM"]
[WhiteElo "2553"]
[BlackElo "2692"]
[WhiteTeam "Faroe Islands"]
[BlackTeam "Slovenia"]
[WhiteFideId "7200595"]
[BlackFideId "24130737"]
[EventDate "2024.09.11"]

1. e4 c6 2. d4 d5 3. Nc3 dxe4 4. Nxe4 Nf6 5. Nxf6+ exf6 6. c3 Bd6 7. Bd3 O-O 8.
Ne2 Re8 9. O-O Nd7 10. Bf4 Be7 11. Re1 Nf8 12. Bg3 f5 13. Qb3 Bg5 14. Bc4 Be6
15. Bxe6 Nxe6 16. f4 Bf6 17. Qxb7 c5 18. Bf2 cxd4 19. Rad1 Qa5 20. b4 Qxa2 21.
cxd4 Rab8 22. Qf3 g6 23. d5 Nf8 24. Nd4 Rxe1+ 25. Bxe1 Re8 26. Nc6 Re2 27. Kf1
Re4 28. Bf2 Nd7 29. g3 Nb6 30. Qd3 Nc4 31. d6 Qa4 32. Ne7+ Kg7 33. d7 Bxe7 34.
Qc3+ Kh6 35. d8=Q Bxd8 36. Rxd8 Qa2 37. Qd3 Qb2 38. Kg1 Re2 39. Qf3 Qc1+ 40. Kg2
Ne3+ 0-1

[Event "45th Olympiad 2024"]
[Site "Budapest HUN"]
[Date "2024.09.16"]
[Round "6.21"]
[Board "2"]
[White "Demchenko, Anton"]
[Black "Nielsen, Hogni Egilstoft"]
[Result "1/2-1/2"]
[WhiteTitle "GM"]
[BlackTitle "FM"]
[WhiteElo "2597"]
[BlackElo "2379"]
[WhiteTeam "Slovenia"]
[BlackTeam "Faroe Islands"]
[WhiteFideId "4160258"]
[BlackFideId "7200404"]
[EventDate "2024.09.11"]

1. e4 e5 2. Nf3 Nc6 3. Bc4 Nf6 4. d3 Bc5 5. a4 a6 6. Bg5 h6 7. Bh4 Be7 8. Bg3 d6
9. Nbd2 O-O 10. c3 g6 11. O-O Nh5 12. h3 Bg5 13. Bh2 Kg7 14. Re1 Qf6 15. Nf1 Be6
16. Bxe6 fxe6 17. b4 Bf4 18. Ra2 g5 19. Kh1 Bxh2 20. N1xh2 Qg6 21. g3 Nf6 22.
Qb3 Nd7 23. d4 Qf6 24. Rd2 b5 25. a5 Rab8 26. d5 exd5 27. Qxd5 Ne7 28. Qa2 Qf7
29. Kg2 Qxa2 30. Rxa2 Nf6 31. Ng4 Kg6 32. Rc2 Nc6 33. Nd2 Ng8 34. Rh1 Nge7 35.
Ne3 Rbc8 36. h4 Nd8 37. hxg5 hxg5 38. Ng4 Nf7 39. c4 Nc6 40. cxb5 Nd4 41. Rc3
axb5 42. Ne3 c6 43. Nf5 Nxf5 44. exf5+ Kxf5 45. Rhc1 c5 46. bxc5 dxc5 47. Rxc5
Rxc5 48. Rxc5 Rb8 49. Rc6 g4 50. a6 Nd8 51. Rc7 Ra8 52. a7 Ke6 53. Ne4 b4 54.
Rc4 Rxa7 55. Rxb4 Rc7 56. Nd2 Nc6 57. Rxg4 Nd4 58. Rg8 Kf5 59. Rf8+ Kg6 60. Ne4
Rc6 61. Kh3 Kg7 62. Ra8 Rh6+ 63. Kg2 Rc6 64. Re8 Ne6 65. Kh3 Kf7 66. Ra8 Nd4 67.
Ra5 Ke6 68. Kg4 Rb6 69. f3 Rc6 70. Ra8 Kf7 71. Ra7+ Kg6 72. Rd7 Nf5 73. Rd3 Rb6
74. Ra3 Rc6 75. Rd3 Rb6 76. Rc3 Ra6 77. Kh3 Nd4 78. Re3 Nf5 79. Rd3 Nd4 80. Nf2
Kf5 81. Re3 Ne6 82. Kg2 Ra5 83. Nd3 Ra2+ 84. Kg1 Ra1+ 85. Kf2 Ra2+ 86. Ke1 Ra5
87. g4+ Kf6 88. Kf2 Ra2+ 89. Kg3 Ra3 90. Kf2 Ra2+ 91. Re2 Ra5 92. Kg3 Ng5 93.
Re3 Ra3 94. Nb4 Ra5 95. Rc3 Ne6 96. Nd3 Ra6 97. Nf2 Ng5 98. Kh4 Kg6 99. Re3 Kf6
100. Rb3 Kg6 101. Kg3 Kf6 102. Nd3 Rc6 103. Rb5 Nf7 104. Nb4 Rd6 105. Nd5+ Ke6
106. Ne3 Kf6 107. Nc4 Rc6 108. Nd2 Ng5 109. Kh4 Rd6 110. Ne4+ Nxe4 111. fxe4 Rd4
112. g5+ Ke6 113. Rb6+ Kf7 114. Kh5 Rxe4 115. Rb7+ Kf8 116. Kg6 Re1 117. Rf7+
Kg8 118. Rg7+ Kf8 119. Rf7+ Kg8 120. Ra7 Kf8 121. Ra8+ Ke7 122. Kg7 Rg1 123. g6
Rg2 124. Kh7 Rh2+ 125. Kg8 Rg2 126. g7 Rh2 127. Ra7+ Ke8 128. Rb7 Rh1 129. Rf7
Rh5 130. Rf2 Ke7 131. Rf8 Rh1 132. Rf7+ Ke6 133. Ra7 e4 134. Ra5 Kf6 135. Ra6+
Ke5 136. Ra8 e3 137. Re8+ Kd4 138. Re6 Rg1 139. Kf7 Kd3 140. Rd6+ Kc2 141. Rg6
Rxg6 142. Kxg6 e2 143. g8=Q e1=Q 144. Qa2+ Kd1 145. Qb1+ Kd2 146. Qxe1+ Kxe1 1/2-1/2

[Event "45th Olympiad 2024"]
[Site "Budapest HUN"]
[Date "2024.09.16"]
[Round "6.21"]
[Board "3"]
[White "Egilstoft, Rogvi"]
[Black "Sebenik, Matej"]
[Result "0-1"]
[WhiteTitle "FM"]
[BlackTitle "GM"]
[WhiteElo "2278"]
[BlackElo "2515"]
[WhiteTeam "Faroe Islands"]
[BlackTeam "Slovenia"]
[WhiteFideId "7200447"]
[BlackFideId "14602296"]
[EventDate "2024.09.11"]

1. e4 e6 2. Nf3 d5 3. Nc3 Nf6 4. e5 Nfd7 5. d4 c5 6. dxc5 Nc6 7. Bf4 Nxc5 8. Bd3
Be7 9. h4 f6 10. Rh3 Nxd3+ 11. cxd3 fxe5 12. Bxe5 d4 13. Bxg7 Rg8 14. Ng5 Rxg7
15. Qh5+ Kd7 16. Nce4 Qe8 17. Qd1 h6 18. Nf3 Kc7 19. Qa4 e5 20. Rg3 Rxg3 21.
fxg3 Bf5 22. Rc1 Bxe4 23. dxe4 a6 24. Qa5+ Kb8 25. Qb6 Bd6 26. Kf2 Qd7 27. g4
Bc7 28. Qb3 Ka7 29. g5 hxg5 30. hxg5 Bb6 31. Kg3 Rf8 32. Rh1 d3 33. g6 Qd6 34.
Rh6 Qf6 35. Kh3 Qg7 36. Rh4 Qxg6 37. Qxd3 Qe6+ 38. Kh2 Nd4 39. Nxd4 Bxd4 40. Rh7
Qxa2 41. b3 Qf2 0-1

[Event "45th Olympiad 2024"]
[Site "Budapest HUN"]
[Date "2024.09.16"]
[Round "6.21"]
[Board "4"]
[White "Lavrencic, Matic"]
[Black "Rodgaard, John"]
[Result "1-0"]
[WhiteTitle "FM"]
[BlackTitle "IM"]
[WhiteElo "2360"]
[BlackElo "2273"]
[WhiteTeam "Slovenia"]
[BlackTeam "Faroe Islands"]
[WhiteFideId "14637847"]
[BlackFideId "7200013"]
[EventDate "2024.09.11"]

1. e4 c5 2. Nf3 e6 3. d4 cxd4 4. Nxd4 Nc6 5. Nc3 Qc7 6. Be3 a6 7. a3 b5 8. Nxc6
Qxc6 9. h4 Bb7 10. h5 h6 11. Rh3 e5 12. Qd3 Nf6 13. O-O-O Bc5 14. Nd5 Nxd5 15.
exd5 Bxe3+ 16. Rxe3 Qf6 17. Qe4 d6 18. f4 O-O-O 19. fxe5 dxe5 20. Be2 Rhe8 21.
Qg4+ Kb8 22. Rf3 Qb6 23. Rxf7 Bxd5 24. Rxg7 e4 25. Qg3+ Ka8 26. Rg6 Qc5 27.
Rxa6+ Kb7 28. Rxh6 Bc4 29. Rh7+ Ka8 30. Qg6 b4 31. axb4 Bxe2 32. Qxe4+ Rxe4 33.
Rxd8+ Qc8 34. Rxc8# 1-0

[Event "45th Olympiad 2024"]
[Site "Budapest HUN"]
[Date "2024.09.16"]
[Round "6.22"]
[Board "1"]
[White "Ashiku, Franc"]
[Black "Peralta, Fernando"]
[Result "1/2-1/2"]
[WhiteTitle "IM"]
[BlackTitle "GM"]
[WhiteElo "2400"]
[BlackElo "2558"]
[WhiteTeam "Albania"]
[BlackTeam "Argentina"]
[WhiteFideId "4700066"]
[BlackFideId "105309"]
[EventDate "2024.09.11"]

1. d4 d5 2. Nf3 Nf6 3. Bf4 c5 4. e3 Nc6 5. Nbd2 cxd4 6. exd4 Bf5 7. Bb5 e6 8.
Ne5 Qb6 9. c4 dxc4 10. Bxc6+ bxc6 11. Ndxc4 Qa6 12. Qe2 Bb4+ 13. Bd2 Bxd2+ 14.
Qxd2 O-O 15. Qa5 Qb5 16. O-O Be4 17. Rfd1 Bd5 18. b3 Bxc4 19. Nxc4 Rfd8 20. Rac1
h6 21. Qe1 c5 22. dxc5 Rxd1 23. Rxd1 Qxc5 24. Qa5 Qxa5 25. Nxa5 Rc8 26. Nc4 Nd5
27. f3 Kf8 28. Kf2 Ke7 29. Rd2 g5 30. Ne3 Nxe3 31. Kxe3 Rc1 32. Rd4 Rc2 33. Rd2
Rc1 34. Rd4 Rc2 1/2-1/2

[Event "45th Olympiad 2024"]
[Site "Budapest HUN"]
[Date "2024.09.16"]
[Round "6.22"]
[Board "2"]
[White "Krysa, Leandro"]
[Black "Pasko, Llambi"]
[Result "1/2-1/2"]
[WhiteTitle "GM"]
[BlackTitle "IM"]
[WhiteElo "2495"]
[BlackElo "2396"]
[WhiteTeam "Argentina"]
[BlackTeam "Albania"]
[WhiteFideId "116807"]
[BlackFideId "4701178"]
[EventDate "2024.09.11"]

1. d4 d5 2. c4 c6 3. Nf3 Nf6 4. Nc3 e6 5. e3 Bd6 6. Bd3 O-O 7. e4 dxe4 8. Nxe4
Nxe4 9. Bxe4 Nd7 10. O-O e5 11. dxe5 Nxe5 12. Nxe5 Bxe5 13. Bxh7+ Kxh7 14. Qh5+
Kg8 15. Qxe5 Re8 16. Qg3 Qd4 17. Qf4 Qxf4 18. Bxf4 Re4 19. Be3 Rxc4 20. Rac1
Rxc1 21. Rxc1 Be6 22. a3 Bd5 23. f3 a5 24. Kf2 a4 25. g4 Ra5 26. Rc5 Rxc5 27.
Bxc5 b5 28. h4 f6 29. h5 Kf7 30. Ke3 Be6 1/2-1/2

[Event "45th Olympiad 2024"]
[Site "Budapest HUN"]
[Date "2024.09.16"]
[Round "6.22"]
[Board "3"]
[White "Mehmeti, Dritan"]
[Black "Flores, Diego"]
[Result "0-1"]
[WhiteTitle "IM"]
[BlackTitle "GM"]
[WhiteElo "2364"]
[BlackElo "2546"]
[WhiteTeam "Albania"]
[BlackTeam "Argentina"]
[WhiteFideId "4700600"]
[BlackFideId "108049"]
[EventDate "2024.09.11"]

1. d4 Nf6 2. Bg5 e6 3. e4 h6 4. Bxf6 Qxf6 5. c3 c5 6. Nf3 cxd4 7. cxd4 Bb4+ 8.
Nc3 O-O 9. e5 Qe7 10. Bd3 d6 11. O-O dxe5 12. dxe5 Bxc3 13. bxc3 b6 14. Nd4 Bb7
15. f4 Qc5 16. Rf2 Nc6 17. Nb5 Ne7 18. Nd6 Bc6 19. Bc2 Rfd8 20. Qd3 Nf5 21. Rd1
g6 22. Bb3 Rd7 23. Qc4 Qxc4 24. Nxc4 Rxd1+ 25. Bxd1 Rd8 26. Bf3 Bxf3 27. Rxf3
Rd1+ 28. Rf1 Rd3 29. Rf3 Rxf3 30. gxf3 Kf8 31. Kf2 Ke7 32. Ne3 Nxe3 33. Kxe3 Kd7
34. Kd4 Kc6 35. c4 b5 36. Kc3 Kc5 37. cxb5 Kxb5 38. Kb3 a5 39. h4 Kc5 40. Ka4
Kb6 41. Ka3 Kb5 42. Kb3 Kc5 43. Ka4 Kb6 44. Ka3 h5 45. Ka4 Ka6 46. Ka3 Kb5 47.
Kb3 Kc5 48. Ka4 Kd4 49. Kxa5 Ke3 50. a4 Kxf4 0-1

[Event "45th Olympiad 2024"]
[Site "Budapest HUN"]
[Date "2024.09.16"]
[Round "6.23"]
[Board "1"]
[White "Macovei, Andrei"]
[Black "Greet, Andrew N"]
[Result "0-1"]
[WhiteTitle "IM"]
[BlackTitle "IM"]
[WhiteElo "2464"]
[BlackElo "2405"]
[WhiteTeam "Moldova"]
[BlackTeam "Scotland"]
[WhiteFideId "13904680"]
[BlackFideId "405817"]
[EventDate "2024.09.11"]

1. e4 c6 2. d4 d5 3. e5 Bf5 4. Nf3 e6 5. Be2 Nd7 6. Nbd2 h6 7. O-O Ne7 8. c3 c5
9. dxc5 Nc6 10. Nd4 Bh7 11. f4 Bxc5 12. Nf3 Be4 13. Be3 f5 14. Nd2 Bxd4 15. cxd4
Nb6 16. Qb3 Qd7 17. a4 Kf7 18. a5 Nc8 19. Qa3 N8e7 20. b4 a6 21. Nb3 Rab8 22.
Nc5 Qe8 23. b5 axb5 24. Bxb5 g5 25. Qb3 Rg8 26. fxg5 hxg5 27. Nxe4 dxe4 28. Bc4
Qd7 29. Kh1 Rg6 30. g4 f4 31. Bxf4 gxf4 32. Rxf4+ Kg8 33. Raf1 Nxd4 34. Qh3 Nf3
35. Be2 Qd2 36. Rxe4 Ng5 37. Qa3 Nxe4 38. Qxe7 Qxe2 39. Qf7+ Kh8 40. Rf3 Ng5 0-1

[Event "45th Olympiad 2024"]
[Site "Budapest HUN"]
[Date "2024.09.16"]
[Round "6.23"]
[Board "2"]
[White "Olson, Hamish"]
[Black "Lashkin, Jegor"]
[Result "0-1"]
[WhiteTitle "FM"]
[BlackTitle "FM"]
[WhiteElo "2384"]
[BlackElo "2472"]
[WhiteTeam "Scotland"]
[BlackTeam "Moldova"]
[WhiteFideId "2404257"]
[BlackFideId "13907808"]
[EventDate "2024.09.11"]

1. Nf3 d5 2. g3 g6 3. Bg2 Bg7 4. d4 Nf6 5. O-O O-O 6. c4 c6 7. Qa4 Nfd7 8. cxd5
Nb6 9. Qd1 cxd5 10. Nc3 Nc6 11. h3 Be6 12. b3 Qc8 13. Kh2 Nxd4 14. Nxd4 Qxc3 15.
Nxe6 Qxa1 16. Nxf8 Rxf8 17. Be3 Qxd1 18. Rxd1 e6 19. Bxb6 axb6 20. e4 d4 21. f4
e5 22. Bf1 Re8 23. Bd3 Bh6 24. Rf1 Kg7 25. Kg2 Re7 26. a4 f5 27. fxe5 fxe4 28.
Bxe4 Rxe5 29. Bd3 Bg5 30. Bc4 Bf6 31. h4 Re7 32. Rf3 h5 33. Rf1 Re5 34. Bd3 Rc5
35. Bc4 Re5 36. Bd3 Re8 37. Bc4 Re3 38. Rf3 Rc3 39. Bb5 Be5 40. Bc4 Kh6 41. Bb5
g5 42. hxg5+ Kxg5 43. Bc4 Bd6 44. Rd3 Bc5 45. Bb5 Kf5 46. Kf3 Bd6 47. Bc4 Bxg3
48. Rxc3 dxc3 49. Ke3 Bd6 50. Kd4 Bb4 51. Bd3+ Kf4 52. Kc4 h4 0-1

[Event "45th Olympiad 2024"]
[Site "Budapest HUN"]
[Date "2024.09.16"]
[Round "6.23"]
[Board "3"]
[White "Bologan, Victor"]
[Black "Waldhausen Gordon, Frederick"]
[Result "1-0"]
[WhiteTitle "GM"]
[BlackTitle "FM"]
[WhiteElo "2598"]
[BlackElo "2351"]
[WhiteTeam "Moldova"]
[BlackTeam "Scotland"]
[WhiteFideId "13900048"]
[BlackFideId "2409143"]
[EventDate "2024.09.11"]

1. e4 e5 2. Nf3 Nc6 3. Bb5 a6 4. Ba4 Nf6 5. O-O Be7 6. d3 b5 7. Bb3 d6 8. Bd2
O-O 9. h3 h6 10. a4 Bb7 11. Na3 Na7 12. c4 Qd7 13. Nc2 Rfe8 14. Ne3 Bf8 15. Nh2
bxc4 16. Nxc4 d5 17. Na5 Rab8 18. Nxb7 Rxb7 19. exd5 Nxd5 20. Re1 Bb4 21. Bc4
Bxd2 22. Qxd2 Nb4 23. Ng4 e4 24. Qf4 Nxd3 25. Rad1 Rb6 26. Rxd3 exd3 27. Qxf7+
Qxf7 28. Rxe8+ Kh7 29. Bxf7 d2 30. Ne3 Rxb2 31. Bg8+ Kg6 32. Re6+ Kg5 33. g3
d1=Q+ 34. Nxd1 Rb1 35. Bh7 Rxd1+ 36. Kg2 Rd2 37. h4+ Kg4 38. Re4+ Kh5 39. Kh3
Rd3 40. Re5+ g5 41. Bxd3 1-0

[Event "45th Olympiad 2024"]
[Site "Budapest HUN"]
[Date "2024.09.16"]
[Round "6.23"]
[Board "4"]
[White "Abdulla, Murad"]
[Black "Iordachescu, Viorel"]
[Result "0-1"]
[WhiteTitle "FM"]
[BlackTitle "GM"]
[WhiteElo "2312"]
[BlackElo "2572"]
[WhiteTeam "Scotland"]
[BlackTeam "Moldova"]
[WhiteFideId "2403757"]
[BlackFideId "13900200"]
[EventDate "2024.09.11"]

1. e4 e5 2. Nf3 Nc6 3. Nc3 Nf6 4. d4 exd4 5. Nxd4 Bb4 6. Nxc6 bxc6 7. Bd3 O-O 8.
O-O d5 9. exd5 cxd5 10. h3 c6 11. Qf3 Rb8 12. Bf4 Bd6 13. b3 Bxf4 14. Qxf4 Be6
15. Rfe1 Qa5 16. Ne2 c5 17. Ng3 Qc3 18. Ne2 Qa5 19. Ng3 Rb4 20. Qf3 Qc7 21. Nh5
Nxh5 22. Qxh5 g6 23. Qe5 Rc8 24. c3 Rb6 25. Qxc7 Rxc7 26. Rab1 c4 27. bxc4 dxc4
28. Bc2 Rd7 29. Rxb6 axb6 30. Kf1 Ra7 31. Bb1 Ra3 32. Rc1 Kg7 33. Ke2 Kf6 34.
Kd2 h5 35. Kc2 Ra5 36. Re1 Rg5 37. g3 Bxh3 38. Kb2 Re5 39. Rxe5 Kxe5 40. Ka3 g5
41. Bc2 Bf5 42. Bd1 h4 43. f4+ Kd5 44. gxh4 gxh4 45. Bf3+ Be4 46. Bg4 Bg2 47.
Kb4 Ke4 0-1

[Event "45th Olympiad 2024"]
[Site "Budapest HUN"]
[Date "2024.09.16"]
[Round "6.24"]
[Board "1"]
[White "Tran, Thanh Tu"]
[Black "Albornoz Cabrera, Carlos Daniel"]
[Result "1/2-1/2"]
[WhiteTitle "CM"]
[BlackTitle "GM"]
[WhiteElo "2387"]
[BlackElo "2579"]
[WhiteTeam "Japan"]
[BlackTeam "Cuba"]
[WhiteFideId "12401404"]
[BlackFideId "3518736"]
[EventDate "2024.09.11"]

1. d4 d5 2. Nf3 Nf6 3. c3 e6 4. Bf4 Bd6 5. e3 O-O 6. Nbd2 c5 7. Bg3 Qc7 8. dxc5
Qxc5 9. Bd3 Nbd7 10. Qe2 Bxg3 11. hxg3 h6 12. Rh4 e5 13. e4 Qb6 14. O-O-O dxe4
15. Nxe4 Nxe4 16. Qxe4 Nf6 17. Qxe5 Qxf2 18. Rxh6 Ng4 19. Rh8+ Kxh8 20. Rh1+ Kg8
21. Bh7+ Kh8 22. Bg6+ Kg8 23. Bh7+ Kh8 24. Bg6+ Kg8 25. Bh7+ 1/2-1/2

[Event "45th Olympiad 2024"]
[Site "Budapest HUN"]
[Date "2024.09.16"]
[Round "6.24"]
[Board "2"]
[White "Quesada Perez, Luis Ernesto"]
[Black "Nanjo, Ryosuke"]
[Result "1-0"]
[WhiteTitle "GM"]
[BlackTitle "IM"]
[WhiteElo "2578"]
[BlackElo "2372"]
[WhiteTeam "Cuba"]
[BlackTeam "Japan"]
[WhiteFideId "3520773"]
[BlackFideId "7000634"]
[EventDate "2024.09.11"]

1. Nf3 Nf6 2. c4 c5 3. g3 Nc6 4. Bg2 d5 5. cxd5 Nxd5 6. Nc3 Nc7 7. d3 e5 8. O-O
Be7 9. Nd2 Bd7 10. Nc4 f6 11. f4 b5 12. Ne3 O-O 13. fxe5 Nxe5 14. Nf5 Rc8 15.
Nxe7+ Qxe7 16. Bf4 Rfd8 17. Qe1 b4 18. Ne4 Nb5 19. h3 Nd4 20. Qf2 Bb5 21. Be3
Nxd3 22. exd3 Bxd3 23. Bxd4 Rxd4 24. Nd2 Bxf1 25. Bxf1 Qd6 26. Nc4 Qd5 27. b3
Re8 28. Rc1 h5 29. h4 Qe6 30. Nd2 Qe3 31. Rc2 g5 32. Nf3 Rg4 33. Kg2 gxh4 34.
Nxh4 Qe4+ 35. Kh2 Re5 36. Rd2 Reg5 37. Bc4+ Kg7 38. Rd7+ Kh6 39. Qxf6+ Rg6 40.
Nf5+ Qxf5 41. Qxf5 1-0

[Event "45th Olympiad 2024"]
[Site "Budapest HUN"]
[Date "2024.09.16"]
[Round "6.24"]
[Board "3"]
[White "Kojima, Shinya"]
[Black "Berdayes Ason, Dylan Isidro"]
[Result "0-1"]
[WhiteTitle "IM"]
[BlackTitle "GM"]
[WhiteElo "2299"]
[BlackElo "2474"]
[WhiteTeam "Japan"]
[BlackTeam "Cuba"]
[WhiteFideId "7000812"]
[BlackFideId "3516016"]
[EventDate "2024.09.11"]

1. d4 Nf6 2. c4 e6 3. Nf3 d5 4. Nc3 Bb4 5. cxd5 exd5 6. Qa4+ Nc6 7. Bg5 h6 8.
Bxf6 Qxf6 9. e3 O-O 10. Be2 Be6 11. a3 Bxc3+ 12. bxc3 Ne7 13. c4 c5 14. O-O Rfc8
15. Rac1 dxc4 16. Bxc4 Bxc4 17. Rxc4 cxd4 18. Nxd4 a6 19. Rfc1 Rxc4 20. Qxc4 Rc8
21. Qf1 Rxc1 22. Qxc1 Qd6 23. h4 g6 24. Qc3 b5 25. Qa5 h5 26. g3 Nd5 27. Nc2 Qb6
28. Qxb6 Nxb6 29. Kf1 Kg7 30. Ke2 Kf6 31. Kd3 Kf5 32. f3 Nc4 33. e4+ Ke5 34. f4+
Kd6 35. Kd4 Nd2 36. Ne3 Nf3+ 37. Kc3 Kc5 38. Nd5 0-1

[Event "45th Olympiad 2024"]
[Site "Budapest HUN"]
[Date "2024.09.16"]
[Round "6.24"]
[Board "4"]
[White "Almeida Quintana, Omar"]
[Black "Yamada, Kohei"]
[Result "1-0"]
[WhiteTitle "GM"]
[BlackTitle "FM"]
[WhiteElo "2492"]
[BlackElo "2178"]
[WhiteTeam "Cuba"]
[BlackTeam "Japan"]
[WhiteFideId "3503313"]
[BlackFideId "7000936"]
[EventDate "2024.09.11"]

1. d4 Nf6 2. Nf3 d5 3. c4 e6 4. Nc3 Nbd7 5. cxd5 exd5 6. Bf4 Bb4 7. e3 Ne4 8.
Qc2 g5 9. Be5 Rg8 10. Bd3 Bxc3+ 11. bxc3 g4 12. Bxe4 dxe4 13. Qxe4 Qe7 14. Qxh7
Rf8 15. Nd2 Nxe5 16. dxe5 Qxe5 17. Qe4 Qxe4 18. Nxe4 Bf5 19. Nf6+ Kd8 20. O-O-O+
Kc8 21. Kb2 c6 22. Rd4 Rd8 23. f3 gxf3 24. gxf3 Bh3 25. Rg1 Kc7 26. Rg7 Be6 27.
h4 c5 28. Rxd8 Rxd8 29. Ne4 Kc6 30. h5 Rh8 31. Ng3 Bc4 32. f4 a5 33. Rg5 b6 34.
Ne4 a4 35. a3 Be2 36. Nf6 Rh6 37. Rf5 Kb5 38. e4 Kc4 39. e5 Rh8 40. Rg5 Rd8 41.
Ne4 Rd1 42. h6 Bf3 43. Kc2 1-0

[Event "45th Olympiad 2024"]
[Site "Budapest HUN"]
[Date "2024.09.16"]
[Round "6.25"]
[Board "1"]
[White "Kuybokarov, Temur"]
[Black "Zhakshylykov, Erzhan"]
[Result "1-0"]
[WhiteTitle "GM"]
[BlackTitle "IM"]
[WhiteElo "2562"]
[BlackElo "2327"]
[WhiteTeam "Australia"]
[BlackTeam "Kyrgyzstan"]
[WhiteFideId "14203049"]
[BlackFideId "13804111"]
[EventDate "2024.09.11"]

1. e4 e5 2. Nf3 Nc6 3. Bb5 a6 4. Ba4 Nf6 5. O-O Be7 6. Re1 b5 7. Bb3 d6 8. c3
O-O 9. h3 Nb8 10. d4 Nbd7 11. c4 c6 12. Nc3 b4 13. Na4 c5 14. d5 Re8 15. a3 a5
16. Bc2 Nf8 17. b3 Ng6 18. Be3 Bd7 19. Nb2 h6 20. Qd2 Nh7 21. Ra2 Bg5 22. Nxg5
hxg5 23. Rea1 Rb8 24. Bd1 Nf4 25. axb4 axb4 26. Bg4 g6 27. Bxd7 Qxd7 28. Kh2 f5
29. Ra7 Rb7 30. Rxb7 Qxb7 31. exf5 gxf5 32. g3 Nh5 33. Bxg5 Qg7 34. Bh4 e4 35.
Qe2 Qh6 36. Ra6 Ng5 37. Bxg5 Qxg5 38. Rxd6 e3 39. h4 Qg4 40. Qxg4+ fxg4 41. Nd3
e2 42. Ne1 Ng7 43. Rg6 Ra8 44. d6 Ra1 45. d7 Rd1 46. Rxg4 Rxd7 47. Re4 Rd2 48.
g4 Rd4 49. Rxd4 cxd4 50. c5 Ne6 51. c6 Kf7 52. h5 Ke7 53. h6 Ng5 54. f4 1-0